ბათუმის შოთა რუსთაველის სახელმწიფო უნივერსიტეტის ბიბლიოთეკა

"You're going to love this kid!" : (ბიბ.ჩანაწერი № 57936)

000 -LEADER
fixed length control field 01128cam a2200265 a 4500
001 - CONTROL NUMBER
control field 16081021
005 - DATE AND TIME OF LATEST TRANSACTION
control field 20221107161035.0
008 - FIXED-LENGTH DATA ELEMENTS--GENERAL INFORMATION
fixed length control field 100202s2010 mdua b 001 0 eng
020 ## - INTERNATIONAL STANDARD BOOK NUMBER
International Standard Book Number 9781598570793 X
041 ## - LANGUAGE CODE
Language code of text/sound track or separate title eng
080 ## - UNIVERSAL DECIMAL CLASSIFICATION NUMBER
Universal Decimal Classification number 616.896+376.2 K-58
100 1# - MAIN ENTRY--PERSONAL NAME
Personal name Kluth, Paula.
9 (RLIN) 11029
245 10 - TITLE STATEMENT
Title "You're going to love this kid!" :
Remainder of title teaching students with autism in the inclusive classroom /
Statement of responsibility, etc. by Paula Kluth; foreword by Eugene Marcus.
250 ## - EDITION STATEMENT
Edition statement 2nd ed.
264 ## - PRODUCTION, PUBLICATION, DISTRIBUTION, MANUFACTURE, AND COPYRIGHT NOTICE
Place of production, publication, distribution, manufacture Baltimore :
Name of producer, publisher, distributor, manufacturer Paul H. Brookes Pub. Co.,
Date of production, publication, distribution, manufacture, or copyright notice 2010.
300 ## - PHYSICAL DESCRIPTION
Extent 345 p. :
Other physical details ill. ;
Dimensions 28 cm.
650 #0 - SUBJECT ADDED ENTRY--TOPICAL TERM
Topical term or geographic name entry element Autistic children
General subdivision Education
Geographic subdivision United States.
9 (RLIN) 11030
650 #0 - SUBJECT ADDED ENTRY--TOPICAL TERM
Topical term or geographic name entry element Inclusive education
Geographic subdivision United States.
9 (RLIN) 10976
653 ## - INDEX TERM--UNCONTROLLED
keyword აუტიზმის მქონე მოსწავლეების სწავლებას ინკლუზიურ კლასში
653 ## - INDEX TERM--UNCONTROLLED
keyword მედიცინა
653 ## - INDEX TERM--UNCONTROLLED
keyword პედაგოგიკა
653 ## - INDEX TERM--UNCONTROLLED
keyword ინკლუზიური განათლება
700 ## - ADDED ENTRY--PERSONAL NAME
Personal name Marcus. Eugene
Relator term წინასიტყვაობა
9 (RLIN) 11031
942 ## - ADDED ENTRY ELEMENTS (KOHA)
Source of classification or shelving scheme
Koha item type წიგნი
ეგზემპლარები
Withdrawn status Lost status Source of classification or shelving scheme Damaged status Not for loan Permanent Location Current Location Shelving location Date acquired Cost, normal purchase price Full call number Barcode Date last seen Copy number Price effective from Koha item type Public note
          ბათუმის შოთა რუსთაველის სახელმწიფო უნივერსიტეტის მთავარი ბიბლიოთეკა ბათუმის შოთა რუსთაველის სახელმწიფო უნივერსიტეტის მთავარი ბიბლიოთეკა წიგნსაცავი 2021-04-02 168.00 616.896+376.2 K-58 61285 2021-04-02 61285 2021-04-02 წიგნი 168 ლ.